00508nam a2200181 a 4500001001300000003000900013005001700022008004100039020002100080082001500101100002000116245007600136260004000212300000900252500003500261505001000296700002000306nice12345678IN_TiNIC20260116014935.0050524s1985 jeda grp 000 0 eng  a0340345012 c000a266.2bMUR aMurray, Jocelyn aProclaim the Good Newsb Short History of the Church Missionary Society aJeddahbHodder and Stoughton c1985 a304p aincludes index and biblioraphy2 aIndex1 aMurray, Jocelyn